| 000 | 01021cam a22002531 4500 | ||
|---|---|---|---|
| 001 | 51785 | ||
| 003 | BD-RjUL | ||
| 005 | 20211209075719.0 | ||
| 008 | 160903s1967 inua b 000 0 eng | ||
| 035 | _a(BD-RjUL)51905 | ||
| 040 |
_aDLC _cDLC _dDLC _beng |
||
| 041 | _aeng | ||
| 082 | 0 | 0 |
_a350.000186 _bGOV 1967 |
| 110 | 2 |
_aInter-university Case Program. _9154903 |
|
| 245 | 1 | 0 |
_aGovernmental reorganizations : cases and commentary / _cEdited by Frederick C. Mosher. A joint project of the Inter -university Case Program, inc. and the Institute of Governmental Studies. |
| 260 |
_aIndianapolis : _bPublished for the Inter-university Case Program, inc., by Bobbs-Merrill _c[1967] |
||
| 300 |
_axx, 545 p. : _bill. ; _c26 cm. |
||
| 504 | _aIncludes bibliographies. | ||
| 650 | 0 |
_aPublic administration _xCase studies. _9154904 |
|
| 700 | 1 |
_aMosher, Frederick C., _eed. _9154905 |
|
| 710 | 2 |
_aUniversity of California, Berkeley. _bInstitute of Governmental Studies. _9154906 |
|
| 942 |
_2ddc _cBK |
||
| 999 |
_c51785 _d51785 |
||